| 000 | 00759nam a22002177a 4500 | ||
|---|---|---|---|
| 999 |
_c157630 _d157630 |
||
| 005 | 20190917104336.0 | ||
| 010 | _aB-706485 B-730003 | ||
| 020 |
_a9780143103776 _c250.00 |
||
| 035 | _aB-706485 | ||
| 035 | _aB-730003 | ||
| 037 | _bGift | ||
| 082 | _aS | ||
| 100 | _aMurty, Sudha | ||
| 245 |
_aGently falls the Bakula / _cby Sudha Murty |
||
| 260 |
_aNew Delhi _bPenguin Books _c2008 |
||
| 270 |
_a11 Community Centre, Panchsheel Park _bNew Delhi _e110017 |
||
| 300 |
_a169p. _c20cm.(pbk) |
||
| 942 |
_adpl _cCH _2ddc _hS _mMUR |
||